00687nam a2200145Ia 4500008004100000245026800041260003600309260000900345300000600354650002600360650001200386856005100398999001900449952007300468170516s9999 xx 000 0 und d aIntravenous Contrast Medium Administration for Computed Tomography Scan in Emergency: A Possible Cause of Contrast-Induced Nephropathy, Lantam Sonhaye, Bérésa Kolou, Mazamaesso Tchaou, Abdoulatif Amadou, Kouméabalo Assih, Bidamin N’Timon, Kokou Adambounou bRadiology Research and Practice c2017 a: xRadiologic Technology xRadtech uhttps://www.hindawi.com/journals/rrp/contents/ c332542d332542 001040aCLbCLd2017-05-16l0r2017-05-16 00:00:00w2017-05-16yFOJ